|
|
|
|
| LEADER |
00733nam a22002172a 4500 |
| 001 |
001721707 |
| 003 |
CZ BrMZK |
| 005 |
20210114111955.0 |
| 007 |
ta |
| 008 |
191211s1969 xxu er|||||||||||eng d |
| 040 |
|
|
|a BOA001
|b cze
|e aacr2
|
| 100 |
1 |
|
|a Friedheim, Robert L.,
|d 1934-2001
|7 mzk20211098942
|4 aut
|
| 245 |
1 |
0 |
|a Understanding the debate on ocean resources /
|c Robert L. Friedheim
|
| 260 |
|
|
|a Denver :
|b University,
|c 1969
|
| 300 |
|
|
|a 38 s.
|
| 490 |
1 |
|
|a Monograph series in world affairs ;
|v vol. 6, no. 3, 1968-69
|
| 830 |
|
0 |
|a Monograph series in world affairs
|
| 910 |
|
|
|a BOA001
|b X2-0627.467
|
| 990 |
|
|
|a BK
|
| 991 |
|
|
|b 201912
|
| 996 |
7 |
|
|b 2618840204
|c X2-0627.467
|l MZK
|r Sklad / do 24 hodin
|n 0
|w 001773098
|u 000010
|a 1
|e BOA001
|j MZK50
|s A
|